000 00283nam a22001337a 4500
008 170630b xxu||||| |||| 00| 0 eng d
020 _a9780879053017
041 _aeng
080 _a82
100 _a22
101 _aGJL
245 _aWILDERNESS ESSAYS
_cMUIR, J
942 _2udc
_cBK
999 _c19805
_d19805